000 00317nam a22001337a 4500
005 20260121111536.0
008 260121b |||||||| |||| 00| 0 eng d
100 _aSarthik Mahajan
245 _aSales and Market Engagement
260 _aJammu
_bMIET
_c2024
300 _a40
650 _aManagement
942 _2ddc
_cTH
999 _c21787
_d21787